000 00501nam a22001817a 4500
005 20251108173458.0
008 250721s2007 xx 000 0 ara d
082 1 4 _a155.4/نقر
100 1 _aنقرش، أحمد عبد القادر
245 1 0 _aاللعب و الطفل /
264 1 _aعمان :
_bنقرش،
_c2007.
300 _a146 ص
650 1 7 _aسيكولوجية الأطفال
650 1 7 _aاللعب
650 1 7 _aجماعات اللعب
942 _2ddc
_cBK
999 _c104834
_d104834